00571 2200217 4500001002100000005001500021035002000036007000300056008004100059020001800100082000800118084001400126100002200140245006100162250001300223260003400236300003800270650001500308505001300323990001700336INLIS00000000000322620240716080143 a0010-0724000083ta240716 g 0 ind  a9780323694735 a610 a610 KAT e0 aKatherine M Bakes1 aEmergency Medicine Secrets 7ed :b- /cKatherine M Bakes a1, cet-1 aJakarta :bSagung Seto,c2021 ahlm. 665 :bilust ;c21x 30 cme- 4aKedokteran ahlm. 666 a102024008415